<?xml version="1.0" encoding="UTF-8"?><?xml-stylesheet type="text/xsl" href="static/style.xsl"?><OAI-PMH xmlns="http://www.openarchives.org/OAI/2.0/" xmlns:xsi="http://www.w3.org/2001/XMLSchema-instance" xsi:schemaLocation="http://www.openarchives.org/OAI/2.0/ http://www.openarchives.org/OAI/2.0/OAI-PMH.xsd"><responseDate>2026-04-17T21:26:52Z</responseDate><request verb="GetRecord" identifier="oai:www.recercat.cat:10459.1/469768" metadataPrefix="marc">https://recercat.cat/oai/request</request><GetRecord><record><header><identifier>oai:recercat.cat:10459.1/469768</identifier><datestamp>2026-03-16T19:18:55Z</datestamp><setSpec>com_2072_3622</setSpec><setSpec>col_2072_479130</setSpec></header><metadata><record xmlns="http://www.loc.gov/MARC21/slim" xmlns:dcterms="http://purl.org/dc/terms/" xmlns:xsi="http://www.w3.org/2001/XMLSchema-instance" xmlns:doc="http://www.lyncode.com/xoai" xsi:schemaLocation="http://www.loc.gov/MARC21/slim http://www.loc.gov/standards/marcxml/schema/MARC21slim.xsd">
   <leader>00925njm 22002777a 4500</leader>
   <datafield ind2=" " ind1=" " tag="042">
      <subfield code="a">dc</subfield>
   </datafield>
   <datafield ind2=" " ind1=" " tag="720">
      <subfield code="a">Manthei, Alina</subfield>
      <subfield code="e">author</subfield>
   </datafield>
   <datafield ind2=" " ind1=" " tag="720">
      <subfield code="a">Elez-Martínez, Pedro</subfield>
      <subfield code="e">author</subfield>
   </datafield>
   <datafield ind2=" " ind1=" " tag="720">
      <subfield code="a">Martín Belloso, Olga</subfield>
      <subfield code="e">author</subfield>
   </datafield>
   <datafield ind2=" " ind1=" " tag="720">
      <subfield code="a">Soliva-Fortuny, Robert</subfield>
      <subfield code="e">author</subfield>
   </datafield>
   <datafield ind2=" " ind1=" " tag="260">
      <subfield code="c">2025</subfield>
   </datafield>
   <datafield ind2=" " ind1=" " tag="520">
      <subfield code="a">The incorporation of apple bagasse (AB), a by-product of juice extraction, into apple juice can enhance its nutritional value while reducing food waste. This study investigated the effects of enzymatic hydrolysis (EH) and ultrasonic pre-treatment (US) on AB-enriched apple juice, focusing on its physicochemical, functional, and health-promoting properties. Apple juice was fortified with AB (1.5%, 3%, 4.5%) and subjected to EH using a cellulase-pectinase mixture for different durations (2, 6, 24 h). Optimal EH conditions (2 h, 3% AB) were combined with US (400 W, 8 min). Key parameters were analyzed, including total phenolic content, antioxidant activity, and glycemic response, alongside sensory evaluation. EH reduced particle size (D50), viscosity, and pH, while increasing GalA content, with effects intensifying over time. US further decreased D50 by 25.4% and viscosity by 39.7% but had no impact on other properties. Juices with 3% and 4.5% AB had over twice the phenolic content and 2.5–3× higher antioxidant activity. They also exhibited a potential hypoglycemic effect, with enhanced in vitro glucose retardationand lower blood glucose levels in 10 individuals. In conclusion, AB-enriched apple juice, treated with US and EH, showed higher nutritional value while maintaining acceptable sensory properties.</subfield>
   </datafield>
   <datafield ind2=" " ind1=" " tag="520">
      <subfield code="a">This work has received funding from the European Union’s H2020 research and innovation programme under Marie Sklodowska-Curie grant agreement No. 801586. The project RTI2018-095560-B-I00 was funded by MCIN/AEI/10.13039/501100011033/ and FEDER (‘A way of making Europe’) and the project TED2021-131828B-I00 was financed by MCIN/AEI/10.13039/501100011033 and European Union NextGenerationEU/PRTR.</subfield>
   </datafield>
   <datafield ind1="8" ind2=" " tag="024">
      <subfield code="a">https://hdl.handle.net/10459.1/469768</subfield>
   </datafield>
   <datafield tag="653" ind2=" " ind1=" ">
      <subfield code="a">By-products</subfield>
   </datafield>
   <datafield tag="653" ind2=" " ind1=" ">
      <subfield code="a">Functional foods</subfield>
   </datafield>
   <datafield tag="653" ind2=" " ind1=" ">
      <subfield code="a">Antioxidants</subfield>
   </datafield>
   <datafield tag="653" ind2=" " ind1=" ">
      <subfield code="a">Glucose reduction</subfield>
   </datafield>
   <datafield ind2="0" ind1="0" tag="245">
      <subfield code="a">Effects of enzymatic hydrolysis combined with ultrasonic treatment on the properties of an apple juice enriched with apple bagasse</subfield>
   </datafield>
</record></metadata></record></GetRecord></OAI-PMH>